000 00662nam a2200277Ia 4500
005 20260324144432.0
008 008 260324s9999 xx 000 0 eng d
020 _a9780429058417
037 _aEBOOK
040 _aCRL
040 _beng
040 _cCRL
041 _2eng
041 _aeng
084 _qCRL
100 _aGuillaume de Machaut; R. Barton Palmer
_91219308
245 4 _aThe Judgment of the King of Navarre
260 _bTaylor and Francis
260 _c1988
365 _a
365 _b170
856 _uhttp://www.taylorfrancis.com/books/9780429058417
942 _cEBOOK
999 _c1825921
_d1825921